书目信息 |
| 题名: |
安全系统工程
|
|
| 作者: | 张景林 主编 | |
| 分册: | ||
| 出版信息: | 北京 煤炭工业出版社 2019.02 |
|
| 页数: | 267页 | |
| 开本: | 26cm | |
| 丛书名: | 普通高等教育“十三五”规划教材 | |
| 单 册: | ||
| 中图分类: | X913.4 | |
| 科图分类: | ||
| 主题词: | 安全系统工程--an quan xi tong gong cheng--高等教育--教材 | |
| 电子资源: | ||
| ISBN: | 978-7-5020-7095-3 | |
| 000 | 01142nam 2200277 450 | |
| 001 | 202019135199 | |
| 005 | 20240522143223.41 | |
| 010 | @a978-7-5020-7095-3@dCNY49.00 | |
| 100 | @a20191003d2019 em y0chiy50 ea | |
| 101 | 0 | @achi |
| 102 | @aCN@b110000 | |
| 105 | @aak a 000yy | |
| 200 | 1 | @a安全系统工程@Aan quan xi tong gong cheng@f主编张景林 |
| 205 | @a3版 | |
| 210 | @a北京@c煤炭工业出版社@d2019.02 | |
| 215 | @a267页@c图@d26cm | |
| 225 | 2 | @a普通高等教育“十三五”规划教材@Apu tong gao deng jiao yu “ shi san wu ” gui hua jiao cai@i安全科学与工程系列 |
| 314 | @a张景林, 中北大学教授、博士生导师, 北京理工大学兼职教授、博士生导师等。 | |
| 320 | @a有书目 (第267页) | |
| 330 | @a本书介绍了安全系统的概念、事故隐患和危险性分析、事件树和事故树分析、系统安全评价、系统安全预测和安全决策、安全系统建模与典型事故影响模型。 | |
| 410 | 0 | @12001 @a普通高等教育“十三五”规划教材@i安全科学与工程系列 |
| 606 | 0 | @a安全系统工程@Aan quan xi tong gong cheng@x高等教育@j教材 |
| 690 | @aX913.4@v5 | |
| 701 | 0 | @a张景林@Azhang jing lin@4主编 |
| 801 | 0 | @aCN@b河南城建学院图书馆@c20190905 |
| 905 | @a河南城建学院图书馆@dX913.4@eZ123=3 | |
| 安全系统工程/主编张景林.-3版.-北京:煤炭工业出版社,2019.02 |
| 267页:图;26cm.-(普通高等教育“十三五”规划教材.安全科学与工程系列) |
| ISBN 978-7-5020-7095-3:CNY49.00 |
| 本书介绍了安全系统的概念、事故隐患和危险性分析、事件树和事故树分析、系统安全评价、系统安全预测和安全决策、安全系统建模与典型事故影响模型。 |
| ● |
| 相关链接 |
|
|
|
正题名:安全系统工程
索取号:X913.4/Z123=3
 
预约/预借
| 序号 | 登录号 | 条形码 | 馆藏地/架位号 | 状态 | 备注 |
| 1 | 1443774 | 214437741 | 自科库501/501自科库 119排1列3层/ [索取号:X913.4/Z123=3] | 在馆 | |
| 2 | 1443775 | 214437750 | 自科库501/501自科库 119排1列3层/ [索取号:X913.4/Z123=3] | 在馆 | |
| 3 | 1506842 | 215068423 | 自科库501/501自科库 119排1列3层/ [索取号:X913.4/Z123=3] | 在馆 | |
| 4 | 1548699 | 215486999 | 自科二线404/404自科库 5排3列1层/ [索取号:X913.4/Z123=3] | 在馆 |